000 00756nam a2200277Ia 4500
003 OSt
005 20220912150733.0
006 a|||||r|||| 00| 0
007 ta
008 220909b |||||||| |||| 00| 0 eng d
024 _a43168
037 _cTextual
040 _aCSL
_beng
_cCSL
041 _aeng
082 _aG1133:(E9G), L4
100 _aCamerson I L Ed.
245 0 _aAcidic proteins of the nucleus
260 _aNew York
_b Academic Press
_c1974
300 _axii,343p.
_ccm.
490 _aCell biology:A Series of Monographs
650 _a Cell nucles
650 _aBiology
700 _a Jeter J R Ed.
942 _hG1133:(E9G), L4
_cTEXL
_2CC
999 _c53721
_d53721